Introduction to IP and ATM design and performance-(E-BOOK) (Record no. 191482)
[ view plain ]
| 000 -LEADER | |
|---|---|
| fixed length control field | 01396 a2200241 4500 |
| 003 - CONTROL NUMBER IDENTIFIER | |
| control field | Nust |
| 005 - DATE AND TIME OF LATEST TRANSACTION | |
| control field | 20170207154017.0 |
| 020 ## - INTERNATIONAL STANDARD BOOK NUMBER | |
| International Standard Book Number | 0-471-49187-X ; |
| 040 ## - CATALOGING SOURCE | |
| Transcribing agency | Nust |
| 082 ## - DEWEY DECIMAL CLASSIFICATION NUMBER | |
| Classification number | 621.382 |
| 082 ## - DEWEY DECIMAL CLASSIFICATION NUMBER | |
| Classification number | 621.382 |
| 100 1# - MAIN ENTRY--PERSONAL NAME | |
| Personal name | Pitts, J. M. |
| 245 00 - TITLE STATEMENT | |
| Title | Introduction to IP and ATM design and performance-(E-BOOK) |
| Remainder of title | with applications analysis software / |
| Statement of responsibility, etc. | J. M. Pitts and J. A. Schormans |
| 250 ## - EDITION STATEMENT | |
| Edition statement | 2. ed. |
| 260 ## - PUBLICATION, DISTRIBUTION, ETC. | |
| Place of publication, distribution, etc. | Chichester : |
| Name of publisher, distributor, etc. | Wiley, |
| Date of publication, distribution, etc. | cop.2000 |
| 300 ## - PHYSICAL DESCRIPTION | |
| Extent | 303 s. |
| 505 ## - FORMATTED CONTENTS NOTE | |
| Formatted contents note | PART I INTRODUCTORY TOPICS (Page-1) 1 An Introduction to the Technologies of IP and ATM (Page-3)2 Traffic Issues and Solutions (Page-15)3 Teletraffic Engineering (Page-45) 4 Performance Evaluation (Page-57) 5 Fundamentals of Simulation (Page-69) 6 Traffic Models (Page-81) PART II ATM QUEUEING AND TRAFFIC CONTROL (Page-95) 7 Basic Cell Switching (Page-97)8 Cell-Scale Queueing (Page-113)9 Burst-Scale Queueing (Page-125)10 Connection Admission Control (Page-149)11 Usage Parameter Control (Page-167)12 Dimensioning (Page-187)13 Priority Control (Page-205) PART III IP PERFORMANCE AND TRAFFICMANAGEMENT (Page-227)14 Basic Packet Queueing (Page-229)15 Resource Reservation(Page- 253)16 IP Buffer Management (Page-267)17 Self-similar Traffic (Page-287) |
| 650 #4 - SUBJECT ADDED ENTRY--TOPICAL TERM | |
| Topical term or geographic name entry element | ATM: telekommunikatonsteknik |
| 650 #4 - SUBJECT ADDED ENTRY--TOPICAL TERM | |
| Topical term or geographic name entry element | Data?f?g |
| 650 #4 - SUBJECT ADDED ENTRY--TOPICAL TERM | |
| Topical term or geographic name entry element | Data?f?g |
| 650 #4 - SUBJECT ADDED ENTRY--TOPICAL TERM | |
| Topical term or geographic name entry element | Datakommunikation |
| 700 1# - ADDED ENTRY--PERSONAL NAME | |
| Personal name | Schormans, J. A. |
| 942 ## - ADDED ENTRY ELEMENTS (KOHA) | |
| Source of classification or shelving scheme | |
| Koha item type | Book |
| Withdrawn status | Lost status | Source of classification or shelving scheme | Damaged status | Not for loan | Collection code | Permanent Location | Current Location | Date acquired | Total Checkouts | Full call number | Barcode | Date last seen | Price effective from | Koha item type |
|---|---|---|---|---|---|---|---|---|---|---|---|---|---|---|
| Military College of Signals (MCS) | Military College of Signals (MCS) | 12/12/2016 | 621.382 PIT | MCSEB-743 | 12/08/2016 | 12/12/2016 | Book |
